Arte de la lengua moxa (Record no. 158666)

MARC details
000 -LEADER
campo de control de longitud fija 00718nam a2200193 i 4500
001 - NÚMERO DE CONTROL
campo de control 158666
003 - IDENTIFICADOR DE NÚMERO DE CONTROL
campo de control ES-MaACL
005 - FECHA Y HORA DE LA ÚLTIMA TRANSACCIÓN
campo de control 20230906211249.0
008 - DATOS DE LONGITUD FIJA--INFORMACIÓN GENERAL
campo de control de longitud fija 040902s1894 gw |||| | spa d
040 ## - FUENTE DE CATALOGACIÓN
Centro catalogador/agencia de origen CAM
Lengua de catalogación spa
Centro/agencia transcriptor CAM
100 1# - ENTRADA PRINCIPAL--NOMBRE DE PERSONA
Nombre de persona Marban, Pedro
Títulos y otros términos asociados al nombre (S.I.)
9 (RLIN) 129436
245 10 - MENCIÓN DEL TÍTULO
Título Arte de la lengua moxa
Resto del título : con su vocabulario y cathecismo /
Mención de responsabilidad, etc. compuesto por Padre Marban ; publicado de nuevo por Julio Platzmann.
250 ## - MENCION DE EDICION
Mención de edición Ed. facsimilar.
260 ## - PUBLICACIÓN, DISTRIBUCIÓN, ETC.
Lugar de publicación, distribución, etc. Leipzig :
Nombre del editor, distribuidor, etc. B.G. Teubner,
Fecha de publicación, distribución, etc. 1894.
300 ## - DESCRIPCIÓN FÍSICA
Extensión [18], 664, 202, [1] p. ;
Dimensiones 17 cm.
650 #4 - PUNTO DE ACCESO ADICIONAL DE MATERIA--TÉRMINO DE MATERIA
Término de materia o nombre geográfico como elemento de entrada Lengua mojo-
Subdivisión general Gramática.
9 (RLIN) 162857
700 1# - ENTRADA AGREGADA--NOMBRE PERSONAL
Nombre de persona Platzmann, Julius.
9 (RLIN) 131215
852 ## - LOCALIZACIÓN
Ubicación ES-MaACL
Número de control de estantería G-155
Nota libre - Enc. pasta española, conservando la cub. original
Holdings
Estatus retirado Estado de pérdida Estado de daño No para préstamo Colección Biblioteca de origen Biblioteca actual Ubicación en estantería Fecha de adquisición Fuente de adquisición Total de préstamos Signatura topográfica completa Código de barras Visto por última vez Precio de reemplazo Tipo de ítem Koha
        Libros del s. XIX Biblioteca del Ateneo de Madrid Biblioteca del Ateneo de Madrid Depósito 2 17/01/2008     G-155 1166074 23/02/2023 23/02/2023 Libro impreso antiguo